Rural strategy 2004 (Record no. 117744)

MARC details
000 -LEADER
fixed length control field 01027cam a2200229 4500
001 - CONTROL NUMBER
control field WB@3612-761
008 - FIXED-LENGTH DATA ELEMENTS--GENERAL INFORMATION
fixed length control field 040721n2004 000 0 eng u
035 ## - SYSTEM CONTROL NUMBER
System control number (Sirsi) u126890
245 ## - TITLE STATEMENT
Title Rural strategy 2004
260 ## - PUBLICATION, DISTRIBUTION, ETC.
Date of publication, distribution, etc. 2004
490 ## - SERIES STATEMENT
Series statement DEFRA News Release
Volume/sequential designation (291/04) 21 July 2004 (5)
520 ## - SUMMARY, ETC.
Summary, etc. Building on "Rural delivery review" (2003) and following on from the government's review, (January 2004), of the good progress towards delivering the "Rural white paper 2000"; "Rural Strategy 2004" has been launched. It sets out three key priorities: social and economic regeneration; enhancing the value of the countryside; and social justice for all. Details of all of these reviews and reports can be viewed at: http://www.defra.gov.uk/. http://www.defra.gov.uk/news/2004/040721c.htm
590 ## - LOCAL NOTE (RLIN)
Local note WB
590 ## - LOCAL NOTE (RLIN)
Local note WB
650 ## - SUBJECT ADDED ENTRY--TOPICAL TERM
Topical term or geographic name entry element SUSTAINABLE REFORMS
650 ## - SUBJECT ADDED ENTRY--TOPICAL TERM
Topical term or geographic name entry element RURAL COMMUNITIES
650 ## - SUBJECT ADDED ENTRY--TOPICAL TERM
Topical term or geographic name entry element POLICY
650 ## - SUBJECT ADDED ENTRY--TOPICAL TERM
Topical term or geographic name entry element RURAL STRATEGIES
650 ## - SUBJECT ADDED ENTRY--TOPICAL TERM
Topical term or geographic name entry element REGENERATION
690 ## - LOCAL SUBJECT ADDED ENTRY--TOPICAL TERM (OCLC, RLIN)
Topical term or geographic name as entry element RURAL
9 (RLIN) 6268
942 ## - ADDED ENTRY ELEMENTS (KOHA)
Suppress in OPAC 0
Holdings
Withdrawn status Lost status Source of classification or shelving scheme Damaged status Not for loan Home library Current library Shelving location Date acquired Total Checkouts Full call number Barcode Date last seen Copy number Price effective from Koha item type
    Dewey Decimal Classification     London London News article 21/07/2004   WB4028-21 126890-1001 06/08/2019 1 06/08/2019 News article